| 000 | 00885nam a2200229Ia 4500 | ||
|---|---|---|---|
| 003 | OSt | ||
| 005 | 20210811170026.0 | ||
| 008 | 210310s1988 ck adcogr 000 0 spa d | ||
| 040 |
_aCO-JMCR _cCO-JMCR |
||
| 041 | 0 | _aspa | |
| 082 | 0 | 4 |
_a332.32 / _bC976s _223 |
| 100 | 1 |
_aCurrie, Lauchlin, _eautor _94251 |
|
| 245 | 1 | 0 |
_aSistema Colombiano de ahorro y vivienda : _bmemoria de los 15 años 1972-1987 / _cLauchilin Currie, Luis Eduardo Rosas |
| 260 |
_aBogotá : _bInstituto Colombiano de Ahorro y Vivienda, _c1988. |
||
| 300 |
_a[58] páginas : _bilustraciones, gráficas, retratos y fotografías a color ; _c21 x 23 cm. |
||
| 501 | _aCon : notas a pies de página. | ||
| 650 | 1 | 4 |
_aUPAC _zColombia. _927468 |
| 650 | 2 | 4 |
_aSistema colombiano de ahorro y vivienda. _939303 |
| 650 | 2 | 4 |
_aConferencias de vivienda _939304 |
| 700 | 1 |
_aRosas, Luis Eduardo, _eautor _939305 |
|
| 942 |
_2ddc _cBK |
||
| 999 |
_c12163 _d12163 |
||